000 00551nam a22001817a 4500
003 OSt
005 20251203111513.0
008 251203b |||||||| |||| 00| 0 eng d
040 _aDWCL-Main lib
_cOC
082 _22007 issue, 9th ed.
_aFil. 336.24 B188i 2007
100 _aSusan Ballada
245 _aIncome Taxation made easy
_cSusan Ballada
260 _aManila :
_bBrown Madonna Press, Inc.,
_cc2007.
300 _axvi, 440 pages :
_billustration ;
_c25 cm.
650 _21. Income Tax.
650 _22. Taxation.
942 _2ddc
_cBK - FIL
_kFil.
_n0
999 _c6753
_d6753